000 00264nam a2200109Ia 4500
008 200302s9999 xx 000 0 und d
100 _aW. B. Mckay
245 _aBuilding Construction Vol 2 (92)
260 _bOrient Longman Ltd.
260 _c2000
300 _a143 P.,
999 _c1150
_d1150